Puss in boots

Αποθηκεύτηκε σε:
Λεπτομέρειες βιβλιογραφικής εγγραφής
Κύριος συγγραφέας: Toast, Sarah (Διασκευαστής)
Άλλοι συγγραφείς: Spellman, Susan (Εικονογράφος)
Μορφή: Βιβλίο
Γλώσσα:English
Δημοσίευση: Lincolnwood, Illinois : Publications International, Ltd. c1997.
Σειρά:Little Classics.
Θέματα:
Ετικέτες: Προσθήκη ετικέτας
Δεν υπάρχουν, Καταχωρήστε ετικέτα πρώτοι!

MARC

LEADER 00000cam a2200000 a 4500
001 1/117455
008 181029t1997####us | ||| |||| ||eng||
020 |a 0785326030 
040 |a GR-MyUa  |b gre  |c GR-MyUa  |e AACR2 
041 0 |a eng 
082 7 |a 808.899282  |2 (23) 
245 1 0 |a Puss in boots /   |c cover illustrated by Deborah Colvin Borgo ; illustrated by Susan Spellman.  
260 |a Lincolnwood, Illinois :   |b Publications International, Ltd.   |c c1997.  
300 |a [21] σ. :   |b έγχ. εικ. ;   |c 17 εκ.  
490 1 |a (Little Classics) 
650 0 |a Children's stories. 
650 0 |a Children's literature. 
700 1 |a Toast, Sarah,  |e adp 
700 1 |a Spellman, Susan,  |e ill 
830 0 |p Little Classics. 
852 |a INST  |b SAMOS  |e 20181029  |h 808.899282 PUS  |p 005300045685  |q 005300045685  |t BK  |y 0 
970 |a Φιλιππή  |b Φάλη  |z 29-10-2018